000 04322cam a2200337 4500500
005 20260517000338.0
041 _afre
042 _adc
100 1 0 _aMbeva, Jean Bosco Kahindo
_eauthor
700 1 0 _aKaremere, Hermès
_eauthor
700 1 0 _aSchirvel, Carole
_eauthor
700 1 0 _aPorignon, Denis
_eauthor
245 0 0 _aRôles exercés par le Niveau intermédiaire du système sanitaire en République démocratique du Congo : représentations des acteurs
260 _c2014.
500 _a43
520 _aIntroduction : En République Démocratique du Congo (RDC), les structures intermédiaires du système de santé ont été pensées au cours des processus de mise en œuvre des soins de santé primaires dans une optique de soutien au district sanitaire. L’objectif de cette étude était d’explorer les représentations par les acteurs sanitaires du rôle exercé par ce Niveau intermédiaire (provincial). Méthodes : Étude de cas unique basée sur l’analyse inductive des données d’interviews auprès de 27 informateurs-clés ayant œuvré au sein du système sanitaire de la RDC. Résultats : Les représentations des acteurs ont révélé une évolution temporelle du rôle joué. Dénué de compétences et de financements suffisants, durant les années 80, le Niveau intermédiaire s’était davantage adonné à des fonctions d’inspection et de contrôle, rendant des comptes plus spécifiquement au niveau central du ministère de la Santé. Depuis la décennie 90, face à la demande pressante de soutien des équipes de district, dont l’autonomie de gestion a été mise à rude épreuve suite (i) aux urgences humanitaires, (ii) à la nécessité d’intégrer les programmes verticaux et (iii) aux logiques de nombreux acteurs, le Niveau intermédiaire du système sanitaire a développé des méthodes et des outils pour soutenir le district sanitaire. Ainsi a émergé un modèle subsidiaire du Niveau intermédiaire, dont l’efficacité est perçue variable selon les provinces ces dernières années. Conclusion : D’après les représentations des acteurs et dans un contexte de décentralisation, le modèle «  subsidiaire » du Niveau intermédiaire semble une alternative crédible au modèle «  contrôle » en RDC.
520 _aStakeholder representations of the role of the intermediate level of the DRC health system Introduction: Intermediate health care structures in the DRC were designed during the setting-up of primary health care in a perspective of health district support. This study was designed to describe stakeholder representations of the intermediate level of the DRC health system during the first 30 years of the primary health care system. Methods: This case study was based on inductive analysis of data from 27 key informant interviews.. Results: The intermediate level of the health system, lacking sufficient expertise and funding during the 1980s, was confined to inspection and control functions, answering to the central level of the Ministry of health and provincial authorities. Since the 1990s, faced with the pressing demand for support from health district teams, whose self-management had to deal with humanitarian emergencies, the need to integrate vertical programmes, and cope with the logistics of many different actors, the intermediate heath system developed methods and tools to support heath districts. This resulted in a subsidiary model of the intermediate level, the perceived efficacy of which varies according to the province over recent years. Conclusion: The “subsidiary” model of the intermediary health system level seems a good alternative to the “control” model in DRC.
690 _aattitudes et pratiques en santé
690 _aconnaissances
690 _apersonnel de santé
690 _aprestations des soins de santé
690 _aRépublique démocratique du Congo
690 _aattitudes
690 _adelivery of health care
690 _aDemocratic Republic of the Congo
690 _ahealth knowledge
690 _ahealth personnel
690 _apractices
786 0 _nSanté Publique | 26 | 5 | 2014-11-24 | p. 685-693 | 0995-3914
856 4 1 _uhttps://stm.cairn.info/revue-sante-publique-2014-5-page-685?lang=fr&redirect-ssocas=7080
999 _c2231478
_d2231478